Dream Theater Albums by Year - Statistics

General Stats
  • This quiz has been taken 60 times
    11 since last reset
  • The average score is 13 of 16
Answer Stats
Year Answer % Correct
1992 Images and Words
100%
1994 Awake
88%
2009 Black Clouds and Silver Linings
88%
2019 Distance Over Time
88%
2013 Dream Theater
88%
1997 Falling Into Infinity
88%
2005 Octavarium
88%
2007 Systematic Chaos
88%
2016 The Astonishing
88%
1989 When Dream and Day Unite
88%
2011 A dramatic Turn of Events
75%
2021 A View from the Top of the World
75%
2025 Parasomnia
75%
2002 Six Degrees of Inner Turbulence
75%
2003 Train of Thought
75%
1999 Metropolis pt. 2: Scenes from a Memory
63%
No matching quizzes found
Score Distribution
Percent of People with Each Score
Percentile by Number Answered
Your Score History
You have not taken this quiz since the last reset